000 01747nam0a22003491 4500
001 v19\rc\1732848
005 20260406140234.0
035 _a(NLR Aleph) 005247673
090 _a5770970
_c5770970
100 _a20061002d19011901|||y0rusy50 ca
101 1 _arus
_ceng
102 _aRU
105 _ay z |||||
200 1 _aКонец Наполеона I
_e(Наполеон на острове св. Елены)
_fЛорд Розбери
_gПер. с англ. К.К. Толстого
210 _aСанкт-Петербург
_cред. "Нового журн. иностр. лит."
_d1901
215 _a110 с.
_d23
311 _aОтт. из "Нового журн. иностр. лит., искусства и науки". 1901, №№ 3-8
320 _aБиблиогр.: с. 3-17
488 0 _12001#$aНовый журнал иностранной литературы, искусства и науки$v1901, № 3-8
_tНовый журнал иностранной литературы, искусства и науки
532 1 1 _aКонец Наполеона Первого
700 1 _aРозбери
_bА.Ф.
_f1847-1929
_gАрчибальд Филипп
702 1 _4730
_8rus
_7ca
_aТолстой
_bК. К.
_f1842-1913
_gКонстантин Константинович
_3RU\NLR\AUTH\7782546
_965474
702 0 _4570
_8rus
_7ca
_aНаполеон
_cимператор французский
_dI
_f1769-1821
_3RU\NLR\AUTH\772913
_9112920
801 0 _aRU
_bNLR
_c20061002
_gpsbo
801 0 _aRU
_bRuMoRGB
_c20061002
_2psbo
801 1 _aRU
_bProSoft-M
_c20061002
_2rusmarc
801 2 _aRU
_bNLR
_c20100121
_2rusmarc
852 _aNLR
_j37.77.4.113
852 _aNLR
_j130/1458
852 _aNLR
_bМф
_jК-1/22489
942 _cBOOK
980 _aNB